<?xml version="1.0" encoding="UTF-8"?>
<record
    xmlns:xsi="http://www.w3.org/2001/XMLSchema-instance"
    xsi:schemaLocation="http://www.loc.gov/MARC21/slim http://www.loc.gov/standards/marcxml/schema/MARC21slim.xsd"
    xmlns="http://www.loc.gov/MARC21/slim">

  <leader>00378    a2200133   4500</leader>
  <controlfield tag="005">20250602070940.0</controlfield>
  <datafield tag="020" ind1=" " ind2=" ">
    <subfield code="a">9789976780840</subfield>
  </datafield>
  <datafield tag="082" ind1=" " ind2=" ">
    <subfield code="a">428 NBA</subfield>
  </datafield>
  <datafield tag="100" ind1=" " ind2=" ">
    <subfield code="a">NBAA</subfield>
  </datafield>
  <datafield tag="245" ind1=" " ind2=" ">
    <subfield code="a">T04 Business Communication Skills : Study Text</subfield>
  </datafield>
  <datafield tag="260" ind1=" " ind2=" ">
    <subfield code="a">Dar es Salaam</subfield>
    <subfield code="b">National Board of Accountants and Auditors</subfield>
    <subfield code="c">2019</subfield>
  </datafield>
  <datafield tag="300" ind1=" " ind2=" ">
    <subfield code="a">163p.: ill; tables, graphs,</subfield>
    <subfield code="c">29.5 cm</subfield>
  </datafield>
  <datafield tag="942" ind1=" " ind2=" ">
    <subfield code="2">ddc</subfield>
    <subfield code="c">BKS</subfield>
  </datafield>
  <datafield tag="999" ind1=" " ind2=" ">
    <subfield code="c">2780</subfield>
    <subfield code="d">2780</subfield>
  </datafield>
  <datafield tag="952" ind1=" " ind2=" ">
    <subfield code="r">2025-05-28 14:20:14</subfield>
    <subfield code="l">0</subfield>
    <subfield code="o">428 NBA</subfield>
    <subfield code="p">MBY000171</subfield>
    <subfield code="v">180000.00</subfield>
    <subfield code="w">2025-05-28</subfield>
    <subfield code="y">BKS</subfield>
    <subfield code="1">0</subfield>
    <subfield code="2">ddc</subfield>
    <subfield code="4">0</subfield>
    <subfield code="7">0</subfield>
    <subfield code="0">0</subfield>
    <subfield code="a">002</subfield>
    <subfield code="b">002</subfield>
    <subfield code="c">SPECIAL</subfield>
    <subfield code="d">2022-06-22</subfield>
    <subfield code="e">PURCHASE</subfield>
    <subfield code="g">60000.00</subfield>
  </datafield>
</record>
